000 01275nam a2200265Ia 4500
999 _c55887
_d55887
001 22985
003 GE_BSU
005 20230614151119.0
008 181216s ||||ge |||||||||||||| ||geo||
020 _a5505014313
040 _cGE_BSU
041 _ageo
080 _a821.353.1(092) ს-47
100 _aსიგუა, სოსო
_95588
245 _aმარტვილი და ალამდარი :
_bკონსტანტინე გამსახურდიას შემოქმედება. ტ.1 /
_cსოსო სიგუა ; რედ. ო. შალამბერიძე.
264 _aთბილისი :
_bგანათლება,
_c1991.
300 _a704 გვ.
_c20 სმ.
541 _h8 ლ.
653 _aგამსახურდია კონსტანტინე
653 _aმარტვილი და ალამდარი
653 _a კონსტანტინე გამსახურდიას შემოქმედება. ტ.1
653 _aქართული ლიტერატურის ისტორია და კრიტიკა
700 _aშალამბერიძე, ო.
_eრედაქტორი
_91328
942 _cBK
_2udc